| 000 | 01445nam a2200253Ia 4500 | ||
|---|---|---|---|
| 999 |
_c39176 _d39176 |
||
| 001 | 5760 | ||
| 003 | GE_BSU | ||
| 005 | 20190426201047.0 | ||
| 008 | 181216s1980||||ge |||||||||||||| ||geo|| | ||
| 040 | _cGE_BSU | ||
| 041 | _ageo | ||
| 080 | _a624.012.4(072) რ- 70 | ||
| 245 |
_aრკინაბეტონის კონსტრუქციების გაანგარიშების მაგალითები : _bმეთოდური მითითებები / _cშემდგ. : ლ. ავალიშვილი, რ. ძირკვაძე, ლ. კახიანი, ; რედ. ე.გიოგიძე. |
||
| 264 |
_aთბილისი : _bსპი, _c1980 |
||
| 300 |
_a87 გვ. : _bნახაზები ; _c20 სმ. |
||
| 504 | _aბიბლიოგრ. : გვ. 86. | ||
| 653 | _aრკინაბეტონის კონსტრუქციების გაანგარიშების მაგალითები | ||
| 653 | _aრკინაბეტონის კონსტრუქციები | ||
| 700 |
_aავალიშვილი, ლ. _eშემდგენელი _9499 |
||
| 700 |
_aძირკვაძე, რ. _eშემდგენელი _9500 |
||
| 700 |
_aკახიანი, ლ. _eშემდგენელი _9501 |
||
| 700 |
_aგიორგაძე, ე. _eრადაქტორი _9398 |
||
| 942 |
_cBK _2udc |
||